Statistics for Best Football/Soccer Clubs

Click here to take the quiz!

General Stats

  • This quiz has been taken 68 times
  • The average score is 18 of 40

Answer Stats

RankLeagueAnswer% Correct
2Premier LeagueManchester City
98%
13Premier LeagueManchester United
98%
1BundesligaBayern Munich
96%
6La LigaReal Madrid
96%
7Premier LeagueLiverpool
95%
4La LigaBarcelona
93%
3Premier LeagueArsenal
89%
5Ligue 1Paris Saint-Germain
89%
23BundesligaBorussia Dortmund
85%
26Serie AAC Milan
75%
18Serie AInter Milan
73%
34Serie AJuventus
69%
11Premier LeagueChelsea
64%
16EredivisieAjax
62%
9Serie ANapoli
56%
12Primeira LigaPorto
47%
14Primeira LigaBenfica
45%
31Premier LeagueAston Villa
38%
21Ligue 1Olympique Marseille
35%
27Serie ARoma
35%
10Premier LeagueNewcastle United
31%
36Premier LeagueWest Ham
29%
20Russian Premier LeagueZenit
29%
30EredivisieFeyenoord
27%
37BundesligaEintracht Frankfurt
25%
32BundesligaBayer Leverkusen
24%
15Premier LeagueBrighton
18%
22La LigaReal Sociedad
18%
33La LigaVillarreal
18%
35PremiershipCeltic
16%
25BundesligaWolfsburg
16%
39Ligue 1Lens
13%
38BundesligaSC Freiburg
13%
19La LigaAtletico de Madrid
11%
28Austrian BundesligaRed Bull Salzburg
9%
24La LigaAthletic Bilbao
7%
40Ligue 1Olympique Lyon
7%
8BundesligaRed Bull Leipzig
5%
17Premier LeagueTottenham Spurs
5%
29Ligue 1LOSC Lille
4%

Score Distribution

Percentile by Number Answered

Percent of People with Each Score

Your Score History

You have not taken this quiz